Liability alert (Record no. 74681)

MARC details
000 -LEADER
fixed length control field 01211cab a2200205 4500
001 - CONTROL NUMBER
control field ABS68556
008 - FIXED-LENGTH DATA ELEMENTS--GENERAL INFORMATION
fixed length control field 041216n2004 000 0 eng u
035 ## - SYSTEM CONTROL NUMBER
System control number (Sirsi) u128346
245 ## - TITLE STATEMENT
Title Liability alert
260 ## - PUBLICATION, DISTRIBUTION, ETC.
Date of publication, distribution, etc. 2004
490 ## - SERIES STATEMENT
Series statement Building Engineer
Volume/sequential designation 79(12) December 2004, 28-29(2)
520 ## - SUMMARY, ETC.
Summary, etc. Looks at asbestos related claims and professional indemnity (PI) insurance. Examines what cover is available for asbestos related risks, concluding it varies between insurers and from policy to policy. Suggests asbestos related risks are now excluded from virtually all PI insurance policies. Suggests ways in which the problem of cover can be addressed. Recommends insurance or legal advice should be taken to cover individual circumstances. Further information can be obtained from www.cic.org.uk/liability, including two briefings called "Managing liability through financial caps" and "Professional indemnity insurance for construction consultants".
590 ## - LOCAL NOTE (RLIN)
Local note ABS
650 ## - SUBJECT ADDED ENTRY--TOPICAL TERM
Topical term or geographic name entry element MANAGEMENT-HEALTH AND SAFETY-HAZARDOUS SUBSTANCES-ASBESTOS
650 ## - SUBJECT ADDED ENTRY--TOPICAL TERM
Topical term or geographic name entry element PROFESSIONAL INDEMNITY INSURANCE
650 ## - SUBJECT ADDED ENTRY--TOPICAL TERM
Topical term or geographic name entry element LIABILITY
650 ## - SUBJECT ADDED ENTRY--TOPICAL TERM
Topical term or geographic name entry element CONSTRUCTION CONSULTANTS
690 ## - LOCAL SUBJECT ADDED ENTRY--TOPICAL TERM (OCLC, RLIN)
Topical term or geographic name as entry element INSURANCE
9 (RLIN) 6249
942 ## - ADDED ENTRY ELEMENTS (KOHA)
Suppress in OPAC 0
Holdings
Withdrawn status Lost status Source of classification or shelving scheme Damaged status Not for loan Home library Current library Shelving location Date acquired Total Checkouts Full call number Barcode Date last seen Copy number Price effective from Koha item type
    Dewey Decimal Classification     London London Journal article 16/12/2004   ABS68556 128346-1001 06/08/2019 1 06/08/2019 Journal article